| 000 | 01137cam a2200241 4500 | ||
|---|---|---|---|
| 001 | WB4019-06 | ||
| 008 | 040520n2004 000 0 eng u | ||
| 035 | _a(Sirsi) u126244 | ||
| 245 | _aUK Economic Brief for May 2004 | ||
| 260 | _c2004 | ||
| 490 |
_aRICS UK Economic Brief _v 18 May 2004 (2) |
||
| 520 | _aThe UK Economic Brief forecasts gradual rate hikes for the rest of 2004 but the impact of the rises on the economy will be muted. In the commercial property market the strengthening economy signals that nominal rents are set to start rising but a real recovery is only likely by the end of 2005. In the residential property market figures confirm the acceleration in house prices indicated by RICS early in the year. For the UK Economic Brief: http://www.rics.org/ricscms/bin/show?class=Brief&t emplate=/includes/showbrief.html&id=606 | ||
| 590 | _aWB | ||
| 590 | _aWB | ||
| 650 | _aECONOMIC BRIEF | ||
| 650 | _aECONOMY | ||
| 650 | _aCOMMERCIAL PROPERTY MARKET | ||
| 650 | _aCONSTRUCTION MARKET | ||
| 650 | _aRESIDENTIAL PROPERTY MARKET | ||
| 650 | _aINTEREST RATES | ||
| 690 | _aECONOMIC ISSUES | ||
| 942 | _n0 | ||
| 999 |
_c117381 _d117381 |
||